000 00286nam a22001217a 4500
008 250428b |||||||| |||| 00| 0 eng d
050 _aJC 330
_b.G37
100 _aGardner John W.
245 _aOn Leadership
260 _aNew York
_bThe Free Press
_c1990
300 _a220p.
942 _cBK
999 _c3192
_d3192